Retrouvez ces joueurs de football #9 - Statistiques

Statistiques générales
  • Ce quiz a été pris 542 fois
  • Le résultat moyen est 8 sur 15
Statistiques - réponses
Par images Réponse % Correct
Leandro Paredes
78%
Cesar Azpilicueta
77%
Ilkay Gündoğan
77%
Tanguy Ndombele
77%
Arthur
68%
Lovro Majer
66%
Loïs Openda
65%
Alassane Pléa
63%
Gonçalo Guedes
60%
Patrick Schick
53%
Leandro Trossard
46%
Dejan Kulusevski
33%
Joaquin Correa
28%
Robin Gosens
22%
Krepin Diatta
21%
Aucun quiz correspondant
Distribution des résultats
% des personnes avec chaque résultat
Percentile par nombre de réponses
Votre historique - résultats
Vous n’avez pas pris ce quiz